000 01062 a2200217 4500
005 20080915163539.0
008 080915t xxu||||| |||| 00| 0 hin d
010 _aHIN-80857
020 _a8181480201
_c80.00
035 _aHN-53203
037 _bD.B.Act / pub
082 _a921
100 _aविवेकानन्द
245 _aविवेकानन्द जी के संस्मरण
_cविवेकानन्द
246 _aVivekanandji ke sansmaran
_bby Vivekanand
260 _aदिल्ली
_bश्री गणेश प्रकाशन
_c2007
300 _a88पृ
_c22 सेमी (सजिल्द)
270 _a32/52,गली न.11.भीकम सिंह कालोनी,विश्वास नगर ,शाहदरा
_bदिल्ली
_e110032
942 _adpl
_cHN
_k921 / विवेका
_2ddc
_h921
_mविवेका
999 _c7195
_d7195